000 00425nam a2200181Ia 4500
001 24923
005 20260414151116.0
008 260414t2021||||xx |||||||||||||| ||spa||
041 _aESP
082 _a346C4
_bG312 T.5 2021
110 _aGaceta Jurídica
245 0 _aCódigo civil comentado
_b
260 _c2021
300 _a1006 páginas :
_c24 cm.
650 _aDER
654 _aCDE
942 _cLIB
_dJUS
_fJUS
_2ddc
_n
999 _c24923
_d24923